ၶုတ်းသႅင်ၶုတ်းၼႂ်းလိၵ်ႈ။ (Record no. 24675)
[ view plain ]
| 000 -LEADER | |
|---|---|
| fixed length control field | 01440nam a22002297a 4500 |
| 003 - CONTROL NUMBER IDENTIFIER | |
| control field | OSt |
| 005 - DATE AND TIME OF LATEST TRANSACTION | |
| control field | 20260128094430.0 |
| 008 - FIXED-LENGTH DATA ELEMENTS--GENERAL INFORMATION | |
| fixed length control field | 230522b ||||| |||| 00| 0 eng d |
| 040 ## - CATALOGING SOURCE | |
| Original cataloging agency | SSBUL |
| Transcribing agency | SSBUL |
| 041 ## - LANGUAGE CODE | |
| Language code of text/sound track or separate title | Shan |
| 082 ## - DEWEY DECIMAL CLASSIFICATION NUMBER | |
| Classification number | 895.919 |
| 245 ## - TITLE STATEMENT | |
| Title | ၶုတ်းသႅင်ၶုတ်းၼႂ်းလိၵ်ႈ။ |
| Remainder of title | ၽိုၼ်လိၵ်ႈၶူၼ်ႉၶႂႃႉပၢင်ၵုမ်ၶွၼ်ႇၾရႅၼ်ႉလိၵ်ႈလူင်ပွၵ်ႈၵမ်း-4 |
| Statement of responsibility, etc. | ၸုမ်းၽၢႆႇလိၵ်ႈလၢႆးပၢင်ၵုမ်ၶွၼ်ႇၾရႅၼ်ႉလိၵ်ႈလူင်ပွၵ်ႈၵမ်း-4 လႄႈၸုမ်းသင်ႇၶႃႇၼုမ်ႇတႆးဝဵင်းတႃႈလိူဝ်ႇ |
| 260 ## - PUBLICATION, DISTRIBUTION, ETC. | |
| Place of publication, distribution, etc. | ဝဵင်းလိူဝ်ႇ |
| Name of publisher, distributor, etc. | တႆးၵမ်ႇပေႃးၸ |
| Date of publication, distribution, etc. | 2016 |
| 300 ## - PHYSICAL DESCRIPTION | |
| Extent | X၊ 638 ၼႃႈ |
| Other physical details | ပႃးၶႅပ်းႁၢင်ႈ |
| Dimensions | 27 ၸိၼ်ႇထီႇ |
| 500 ## - GENERAL NOTE | |
| General note | မၢႆ 2519 ပဵၼ်ပပ်ႉၸဝ်ႈတႃႇၼႁင်းၶေႃ တွၵ်ႉတိူဝ်ႇၸၢႆးဢွင်ႇထုၼ်း |
| General note | S-SAT: Dr. Prof Sai Aung Tun |
| 650 ## - SUBJECT ADDED ENTRY--TOPICAL TERM | |
| Topical term or geographic name entry element | လိၵ်ႈလၢႆးတႆး-ၶွၼ်ႇၾရႅၼ်ႉ |
| Topical term or geographic name entry element | ပုတ်ႉထၽႃႇသႃႇ-ၶွၼ်ႇၾရႅၼ်ႉ |
| 942 ## - ADDED ENTRY ELEMENTS (KOHA) | |
| Koha item type | Books (Long term) |
| 650 ## - SUBJECT ADDED ENTRY--TOPICAL TERM | |
| 9 (RLIN) | 22816 |
| 9 (RLIN) | 22817 |
| Source of classification or shelving scheme | |
| Source of classification or shelving scheme | |
| Withdrawn status | Lost status | Source of classification or shelving scheme | Damaged status | Not for loan | Collection Code | Permanent Location | Current Location | Shelving location | Date acquired | Total Checkouts | Full call number | Barcode | Date last seen | Date last checked out | Copy number | Price effective from | Koha item type | Accession | Total Renewals |
|---|---|---|---|---|---|---|---|---|---|---|---|---|---|---|---|---|---|---|---|
| Tai Collection | Shan State Buddhist University Library | Shan State Buddhist University Library | Tai Shelves | 22/05/2023 | 3 | 895.919 ၶုတ်း ႒႙႕(1) | SH00000295 | 05/11/2025 | 21/10/2025 | 1 | 22/05/2023 | Books (Long term) | ႒႙႕(1) | ||||||
| Tai Collection | Shan State Buddhist University Library | Shan State Buddhist University Library | Tai Shelves | 22/05/2023 | 6 | 895.919 ၶုတ်း ႒႙႖(2) | SH00000296 | 14/01/2026 | 08/01/2026 | 2 | 22/05/2023 | Books (Long term) | ႒႙႖(2) | ||||||
| Tai Collection | Shan State Buddhist University Library | Shan State Buddhist University Library | Tai Shelves | 22/05/2023 | 3 | 895.919 ၶုတ်း ႒႙႗(3) | SH00000297 | 28/09/2024 | 21/09/2024 | 3 | 22/05/2023 | Books (Long term) | ႒႙႗(3) | 2 | |||||
| Tai Collection | Shan State Buddhist University Library | Shan State Buddhist University Library | Tai Shelves | 22/05/2023 | 895.919 ၶုတ်း ႒႙႘(4) | SH00000298 | 22/05/2023 | 4 | 22/05/2023 | Books (Long term) | ႒႙႘(4) | ||||||||
| Tai Collection | Shan State Buddhist University Library | Shan State Buddhist University Library | Tai Shelves | 22/05/2023 | 6 | 895.919 ၶုတ်း ႒႙႙(5) | SH00000299 | 14/01/2026 | 08/01/2026 | 5 | 22/05/2023 | Books (Long term) | ႒႙႙(5) | ||||||
| Special Collections | Shan State Buddhist University Library | Shan State Buddhist University Library | Special Collection Shelves | 22/05/2023 | 895.919 ၶုတ်း ႒႕႑႙ S-SAT | SH00002519 | 22/05/2023 | 6 | 22/05/2023 | Book (Short term) | ႒႕႑႙ S-SAT |